000 01725nam a2200553 i 4500
003 CtWfDGI
020 _a0851999026
040 _aCtWfDGI
_cCtWfDGI
082 0 4 _a614.5
100 1 _aWebber, Roger,
245 1 0 _aCommunicable disease epidemiology and control:
_ba global perspective
250 _a2nd edition.
260 _aUK
_bCAB International
_c2005
300 _a1 online resource (xii, 316 pages) :
500 _aCAB International
500 _aIncludes index.
546 _aEnglish
650 0 _aCommunicable diseases
650 0 _aCommunicable diseases
650 4 _aLaws and Regulations.
650 4 _aHealth Economics, (New March 2000)
650 4 _aPathogen, Pest, Parasite and Weed Management (General)
650 4 _aSocial Psychology and Social Anthropology, (New March 2000)
650 4 _aPrion, Viral, Bacterial and Fungal Pathogens of Humans, (New March 2000)
650 4 _aProtozoan, Helminth and Arthropod Parasites of Humans, (New March 2000)
650 4 _aHuman Health and the Environment.
650 7 _aMan.
650 7 _aAirborne infection.
650 7 _aBody fluids.
650 7 _aContacts.
650 7 _aDisease control.
650 7 _aDisease transmission.
650 7 _aEpidemiology.
650 7 _aFoodborne diseases.
650 7 _aGlobal warming.
650 7 _aHuman diseases.
650 7 _aInfections.
650 7 _aInfectious diseases.
650 7 _aRegulations.
650 7 _aSkin.
650 7 _aSocioeconomics.
650 7 _aSoil.
650 7 _aTropics.
650 7 _aVector-borne diseases.
650 7 _aWaterborne diseases.
650 7 _aZoonoses.
856 4 0 _uhttp://dx.doi.org/10.1079/9780851999029.0000
942 _2ddc
_cEB
999 _c140564
_d140564